Wrestlers by Picture 26: Extreme Championship Wrestling - Statistics

General Stats
  • This quiz has been taken 68 times
  • The average score is 12 of 16
Answer Stats
Picture Answer % Correct
Rob Van Dam
93%
Taz
90%
Terry Funk
90%
Bam Bam Bigelow
86%
Raven
86%
Sabu
86%
The Sandman
86%
Rhino
85%
Tommy Dreamer
85%
Spike Dudley
80%
New Jack
71%
Little Guido
63%
Mikey Whipwreck
61%
Mike Awesome
58%
Shane Douglas
58%
Jerry Lynn
56%
No matching quizzes found
Score Distribution
Percent of People with Each Score
Percentile by Number Answered
Your Score History
You have not taken this quiz